000 00851cab a2200253 4500
001 WB3425-41
008 090401t1998 xxu||||| |||| 00| 0 eng d
035 _a(Sirsi) u87200
041 _aeng
245 _aNew consumer data for agents
260 _c1998
350 _a0
490 _aNegotiator
_v13(13) 26 June 1998, 1(1)
520 _aMarketing services group ICD is targeting agents to sign up to a scheme where they will receive inside information on homeowners` plans to move.
650 _aESTATE AGENTS
650 _aHOMEOWNERS
650 _aPROPERTY-RESIDENTIAL PROPERTY-ACQUISITION AND DISPOSAL OF RESIDENTIAL PROPERTY
650 _aHOUSE SALES
650 _aMARKETING STRATEGY
650 _aPERSONAL INFORMATION
690 _aPROPERTY-RESIDENTIAL PROPERTY-RESIDENTIAL PROPERTY MARKET
942 _n0
948 _c03/07/1998
999 _c54983
_d54983